Statistics for Formula One no first and last win

Click here to take the quiz!

General Stats

  • This quiz has been taken 21 times
  • The average score is 17 of 19

Answer Stats

Answer% Correct
Lewis Hamilton
100%
Michael Schumacher
100%
Alain Prost
95%
Graham Hill
95%
Jacques Villeneuve
95%
James Hunt
95%
Niki Lauda
95%
Phil Hill
95%
Ayrton Senna
90%
Emerson Fittipaldi
90%
Jody Scheckter
90%
Nelson Piquet
90%
Sebastian Vettel
90%
Jack Brabham
85%
Jackie Stewart
85%
Jochen Rindt
85%
Mike Hawthorn
85%
Denny Hulme
80%
John Surtees
70%

Score Distribution

Percentile by Number Answered

Percent of People with Each Score

Your Score History

You have not taken this quiz